| 000 | 01205nam a22004217a 4500 | ||
|---|---|---|---|
| 005 | 20250819104909.0 | ||
| 008 | 181004b2015 xxu||||| |||| 00| 0 spa d | ||
| 020 | _a9788448607586 | ||
| 041 | _aESP | ||
| 082 | _a338.9 C961p5 | ||
| 100 |
_aCuadrado Roura, Juan _950128 |
||
| 100 |
_aMancha, Tomás _950129 |
||
| 100 |
_aVillena, José _950130 |
||
| 100 |
_aCaseres, Javier _950131 |
||
| 100 |
_aGonzález, Miguel _950132 |
||
| 100 |
_aMarín, José María _950133 |
||
| 100 |
_aPeinado, María Luisa _950134 |
||
| 245 | _aPolítica económica: elaboración, objetivos e instrumentos | ||
| 250 | _a5 edición | ||
| 260 | _aEspaña | ||
| 260 | _bMcGraw-Hill | ||
| 260 | _c2015 | ||
| 300 | _a410 páginas | ||
| 490 | _aDirección y Administración de Empresas | ||
| 650 | _aPOLÍTICA ECONÓMICA | ||
| 650 | _aECONOMÍA | ||
| 650 | _aCRECIMIENTO ECONÓMICO | ||
| 650 | _aPRECIOS | ||
| 650 | _aEMPLEO | ||
| 650 | _aPOLÍTICA MONETARIA | ||
| 650 | _aMICROECONOMÍA | ||
| 650 | _aPOLÍTICA FISCAL | ||
| 650 | _aECONOMÍA ABIERTA | ||
| 650 | _aESTABILIDAD DE PRECIOS | ||
| 650 | _aREDISTRIBUCIÓN DE LA RENTA | ||
| 650 | _aCONSERVACIÓN AMBIENTAL | ||
| 942 |
_cBK _2ddc |
||
| 999 |
_c11231 _d11231 |
||